000 01696nam a2200361 c 4500
999 _c141704
_d141704
003 BLK
005 20240925005445.0
008 180409b bul|||||r ||||||| ||bul||
010 _aKNG00147778000
040 _aBLK
041 _aBUL
_cBUL
080 _aБългарска литература
_b821.163.2
_x-93-34
_z821.163.2-93-34
100 _aПетров, Валери
_d1920 - 2014
_qМеворах, Валери Нисим
_9363347
139 _aПетров, Валери
_bП 47
245 1 0 _aПук!
_bПриказка за нач. училищна възраст
_cВалери Петров; худож. Иван Димов; * Валери Нисим Меворах; * Иван Димов Иванов.
257 _aBGR
260 _bБълг. художник
_c1983
_fСофия : ДП Балкан
_aСофия
300 _a48 с.
_bс цв. ил.
_c27 см
380 _aDX
500 _aИстинското име на авт. е Валери Нисим Меворах. ; Пълното име на худож. е Иван Димов Иванов. - Офс. изд. - 60 120 тир.
653 _aлитература за деца
653 _aдетска литература
700 1 _aДимов, Иван
_eхудож.
_gИванов, Иван Димов
_9364198
700 1 _aМеворах, Валери Нисим
_e*
_9367575
700 1 _aИванов, Иван Димов
_e*
_9307093
852 _aЦб ІІ 18665
856 4 _qpdf
856 4 _qpdf
942 _cKNG
_n0
_03
_s1
944 _aCR
_c31.07.2013
_lCRON CRON
_k
944 _aED
_c21.09.2017
_l31.07.2013 - от С1,Р / 31.07.2013
_kСевдалина_Василева
999 _d141704